000 00585cam a22002171 4500
999 _c2954
_d2954
001 7937243
003 GBCCL
005 20241126110444.0
008 750714s1957 mau 000 1 eng
010 _a 57006441
035 _a(OCoLC)1446634
040 _aDLC
_cFO
_dOCoLC
_dDLC
050 0 0 _aPZ3.L8938
_bLn
_aPS3523.O645
082 _a813.54
_bLOR
100 1 _aLoring, Emilie Baker.
_95665
245 1 0 _aLook to the stars.
260 _aNewyork ,
_bBantam books
_c1964, [1957]
300 _a171 p.
_c20 cm.
906 _a7
_bcbc
_coclcrpl
_du
_encip
_f19
_gy-gencatlg
942 _2ddc
_cBK